000 00441nam a2200181Ia 4500
005 20250224052636.0
008 240331s9999 xx 000 0 und d
020 _a8177200275
082 _bRAJ
_25448
_a920
100 _aRajadurai, S. V
245 0 _aIndu India:
_bAgraniyilirundu Advani Varai
260 _aPuthanatham
_bAdaiyalam
_c2003
300 _a272 p.,
650 _aIndia
650 _aHistory
650 _aPolitics
942 _cL
999 _c4238
_d4238